Counties of Mississippi - Statistics

General Stats
  • This quiz has been taken 14 times
  • The average score is 35 of 82
Answer Stats
Answer % Correct
Washington
86%
Adams
71%
Jackson
71%
Lincoln
71%
Madison
71%
Attala
57%
Clay
57%
DeSoto
57%
Greene
57%
Harrison
57%
Hinds
57%
Jefferson
57%
Jones
57%
Lafayette
57%
Lawrence
57%
Lee
57%
Monroe
57%
Newton
57%
Rankin
57%
Union
57%
Alcorn
43%
Amite
43%
Benton
43%
Bolivar
43%
Calhoun
43%
Chickasaw
43%
Choctaw
43%
Claiborne
43%
Coahoma
43%
Copiah
43%
Covington
43%
Franklin
43%
George
43%
Grenada
43%
Hancock
43%
Holmes
43%
Issaquena
43%
Itawamba
43%
Jefferson Davis
43%
Kemper
43%
Lamar
43%
Lauderdale
43%
Leake
43%
Leflore
43%
Marion
43%
Montgomery
43%
Neshoba
43%
Noxubee
43%
Oktibbeha
43%
Panola
43%
Pearl River
43%
Perry
43%
Pontotoc
43%
Prentiss
43%
Quitman
43%
Simpson
43%
Stone
43%
Tallahatchie
43%
Tippah
43%
Wilkinson
43%
Carroll
29%
Clarke
29%
Forrest
29%
Humphreys
29%
Jasper
29%
Marshall
29%
Pike
29%
Scott
29%
Tate
29%
Tishomingo
29%
Tunica
29%
Walthall
29%
Warren
29%
Wayne
29%
Webster
29%
Winston
29%
Yalobusha
29%
Yazoo
29%
Lowndes
14%
Sharkey
14%
Smith
14%
Sunflower
14%
No matching quizzes found
Score Distribution
Percent of People with Each Score
Percentile by Number Answered
Your Score History
You have not taken this quiz